00450nam a2200181Ia 4500003000400000005001700004008004100021020001700062040000700079041000800086082002200094100001700116245004700133250000700180260005000187300001800237365001300255OSt20230410164431.0210423s2009 xx 000 0 und d a978817194486 cAL aeng a657.46 223bDATV aDATEY (V S). aTaxmanns indirect taxes: law and practice. a23 aNew DelhibTaxmann Publications Pvt Ltdc2009 aI-107,838bPB b475cINR